LEADER 00858nam--2200313---450 001 990001903380203316 005 20200428091912.0 010 $a0-521-36824-3 035 $a000190338 035 $aUSA01000190338 035 $a(ALEPH)000190338USA01 035 $a000190338 100 $a20040804d1987----km-y0itay0103----ba 101 0 $aeng 102 $aUS 105 $a||||||||001yy 200 1 $aPlaygoing in Shakespeare's London$fAndrew Gurr 210 $aNew York$cCambridge University Press$d1987 215 $a284 p.$d24 cm 600 1$aShakespeare,$bWilliam 676 $a792.09421 700 1$aGURR,$bAndrew$0198063 801 0$aIT$bsalbc$gISBD 912 $a990001903380203316 951 $aXVII A. 1516$b6559 DLAS$cXVII A.$d00349012 959 $aBK 969 $aCAS 996 $aPlaygoing in Shakespeare's London$9954604 997 $aUNISA LEADER 02035nas 2200613-a 450 001 996198571703316 005 20230518213020.0 011 $a1439-0574 035 $a(OCoLC)54615971 035 $a(CKB)111084892763002 035 $a(CONSER)--2004700257 035 $a(MiAaPQ)54873 035 $a(EXLCZ)99111084892763002 100 $a20040308a20049999 s-- a 101 0 $aeng 135 $aurcn||||||||| 181 $ctxt$2rdacontent 182 $cc$2rdamedia 183 $acr$2rdacarrier 200 10$aEuropean journal of wildlife research 210 $aHeidelberg $cSpringer-Verlag$d[2004]- 300 $aTitle from vol. table of contents (publisher Web site, viewed Mar. 8, 2004). 300 $aRefereed/Peer-reviewed 311 $a1612-4642 517 3 $aWildlife research 531 $aEUR. J. WILDL. RES 531 $aEUR J WILDLIFE RES 606 $aAnimal ecology$vPeriodicals 606 $aWildlife conservation$vPeriodicals 606 $aConservation of natural resources$vPeriodicals 606 $aHunting$xSociological aspects$vPeriodicals 606 $aConservation of natural resources$2fast$3(OCoLC)fst00875502 606 $aAnimal ecology$2fast$3(OCoLC)fst00809150 606 $aGame protection$2fast$3(OCoLC)fst00937488 606 $aHunting$2fast$3(OCoLC)fst00964162 606 $aPlant ecology$2fast$3(OCoLC)fst01065415 606 $aWildlife conservation$2fast$3(OCoLC)fst01175253 608 $aPeriodicals.$2fast 608 $aPeriodicals.$2lcgft 615 0$aAnimal ecology 615 0$aWildlife conservation 615 0$aConservation of natural resources 615 0$aHunting$xSociological aspects 615 7$aConservation of natural resources. 615 7$aAnimal ecology. 615 7$aGame protection. 615 7$aHunting. 615 7$aPlant ecology. 615 7$aWildlife conservation. 676 $a591.7 906 $aJOURNAL 912 $a996198571703316 996 $aEuropean journal of wildlife research$92262331 997 $aUNISA